[Event "Riga Tech Open A 2016"]
[Site "Riga LAT"]
[Date "2016.08.09"]
[Round "2.10"]
[White "Kulon, Klaudia"]
[Black "Chigaev, Maksim"]
[Result "0-1"]
[WhiteTitle "WGM"]
[BlackTitle "IM"]
[WhiteElo "2334"]
[BlackElo "2550"]
[WhiteFideId "1131044"]
[BlackFideId "4108116"]
[EventDate "2016.08.08"]

1. c4 g6 2. g3 Bg7 3. Bg2 d6 4. Nc3 Nf6 5. d3 O-O 6. e4 c5 7. Nge2 Nc6 8. O-O
Nd4 9. Nxd4 cxd4 10. Ne2 Nd7 11. h3 a5 12. b3 Nc5 13. Bb2 e5 14. f4 Bd7 15. Kh2
b5 16. fxe5 dxe5 17. cxb5 Bxb5 18. Ba3 Qb6 19. Qd2 Rfc8 20. Nc1 Rc7 21. Rb1 Rac8
22. Rf2 Na6 23. Bf3 Bd7 24. Bd1 Nb4 25. Bb2 h5 26. a3 Nc2 27. Ne2 Qxb3 28. Qxa5
Qa2 29. Qd5 Qxd5 30. exd5 Ne3 31. Bb3 Rb7 32. Nc1 Rcb8 33. a4 Bf5 34. a5 Bxd3
35. Ra1 Ba6 36. Ba3 Bf8 37. d6 Rd8 38. Bc5 Bxd6 39. Bb6 Rc8 40. Rf6 Rd7 41.
Rxg6+ Kh7 42. Rf6 h4 43. Ba4 Kg7 44. Rf2 hxg3+ 45. Kxg3 e4+ 46. Kh4 f6 47. Rxf6
Be7 48. Bxd7 Bxf6+ 49. Kg3 Be5+ 50. Kh4 Rh8+ 51. Kg5 Rf8 52. Kh5 Kf6 0-1

[Event "Riga Tech Open A 2016"]
[Site "Riga LAT"]
[Date "2016.08.09"]
[Round "2.11"]
[White "Kveinys, Aloyzas"]
[Black "Mishuchkov, Nikolai M."]
[Result "1/2-1/2"]
[WhiteTitle "GM"]
[BlackTitle "IM"]
[WhiteElo "2509"]
[BlackElo "2317"]
[WhiteFideId "12800040"]
[BlackFideId "4102401"]
[EventDate "2016.08.08"]

1. d4 Nf6 2. c4 e6 3. Nf3 Bb4+ 4. Nc3 d6 5. Bd2 O-O 6. Qc2 Nc6 7. a3 Bxc3 8.
Bxc3 Re8 9. Rd1 Bd7 10. g3 a5 11. Bg2 e5 12. d5 Ne7 13. e4 Ng6 14. b3 Qc8 15.
O-O h6 16. Ne1 b5 17. Nd3 bxc4 18. bxc4 c6 19. dxc6 Qxc6 20. Nb2 Qc5 21. Qd2 Ra6
22. Rfe1 Rea8 23. Ra1 Qc7 24. Nd1 Bc6 25. f3 Nd7 26. Ne3 Nc5 27. Rab1 Nf8 28.
Nd5 Qd8 29. f4 Nfd7 30. Qe3 f6 31. Bh3 Nb6 32. Nxb6 Rxb6 33. Be6+ Kh8 34. Bd5
Bxd5 35. cxd5 Qb8 36. Rxb6 Qxb6 37. Kg2 Qb3 38. fxe5 fxe5 39. Bd2 Qa4 40. Qf3
Kg8 41. Qg4 Rb8 42. Bxh6 Rb2+ 43. Kh3 Qd7 44. Qxd7 Nxd7 45. Bg5 Kf7 46. Bd8 a4
47. Ba5 Nc5 48. Re3 Rb3 49. Re2 Nd3 50. Rc2 Rxa3 51. Kg4 Rb3 52. Bc7 Ke7 53. Rc6
Nf2+ 54. Kf5 Rf3+ 55. Kg6 Nxe4 56. Ra6 a3 57. Ra7 Nf6 58. Ba5+ Nd7 59. Bb4 e4
60. Bxa3 e3 61. Bb4 e2 62. Ra2 Rf2 63. Ra6 Ne5+ 64. Kxg7 Nd3 65. Ra7+ Ke8 66.
Ra8+ Kd7 67. Ra7+ Kc8 68. Ba5 Rxh2 69. Rc7+ Kb8 70. Rc6 Rg2 71. Rxd6 Rxg3+ 72.
Rg6 1/2-1/2

[Event "Riga Tech Open A 2016"]
[Site "Riga LAT"]
[Date "2016.08.09"]
[Round "2.12"]
[White "Sirosh, Ilja"]
[Black "Yuffa, Daniil"]
[Result "0-1"]
[WhiteTitle "FM"]
[BlackTitle "IM"]
[WhiteElo "2322"]
[BlackElo "2507"]
[WhiteFideId "4500458"]
[BlackFideId "24131423"]
[EventDate "2016.08.08"]

1. Nf3 g6 2. d4 Bg7 3. c4 c5 4. e4 d6 5. Nc3 Qa5 6. Be2 Nc6 7. d5 Nd4 8. Bd2 Nf6
9. O-O O-O 10. Be3 Nxe2+ 11. Qxe2 Bg4 12. h3 Bxf3 13. Qxf3 a6 14. a4 Qb4 15. Qe2
b5 16. e5 dxe5 17. cxb5 axb5 18. Qxb5 Ra5 19. Qc6 Qb8 20. d6 Rc8 21. Qf3 exd6
22. Bg5 e4 23. Nxe4 Nxe4 24. Qxe4 Qxb2 25. Rab1 Qe5 26. Qb7 Raa8 27. Be7 Qf4 28.
g3 Qxa4 29. Bxd6 c4 30. Kh2 Qa2 31. Bf4 h6 32. Bxh6 Bxh6 33. Ra1 Qb3 0-1

[Event "Riga Tech Open A 2016"]
[Site "Riga LAT"]
[Date "2016.08.09"]
[Round "2.13"]
[White "Miezis, Normunds"]
[Black "Mustaps, Matiss"]
[Result "1-0"]
[WhiteTitle "GM"]
[BlackTitle "FM"]
[WhiteElo "2506"]
[BlackElo "2306"]
[WhiteFideId "11600136"]
[BlackFideId "11602295"]
[EventDate "2016.08.08"]

1. c4 e6 2. e4 d5 3. exd5 exd5 4. d4 Nf6 5. Nc3 Be6 6. cxd5 Nxd5 7. Nf3 Be7 8.
Bd3 O-O 9. O-O Nd7 10. Re1 h6 11. Bc2 N7f6 12. Ne5 Re8 13. a3 c5 14. Ba4 Rf8 15.
Ng6 fxg6 16. Rxe6 Nc7 17. Re1 cxd4 18. Ne2 Nfd5 19. Qxd4 b6 20. Kh1 Bc5 21. Qc4
Bxf2 22. Rd1 Kh7 23. Bc6 b5 24. Qb3 Qe7 25. Bxa8 Qxe2 26. Bxh6 Rxa8 27. Rd2 Qc4
28. Qf3 Bc5 29. b3 Qc3 30. Qxc3 Nxc3 31. Bxg7 Kxg7 32. Rd7+ Kh6 33. Rxc7 Ne4 34.
g3 Rd8 35. Re1 Bb6 36. Rc2 Nf2+ 37. Kg2 Ng4 38. Kf3 Kg5 39. h3 Rf8+ 40. Ke2 Re8+
41. Kd2 Ne3 42. Rc3 Rd8+ 43. Rd3 Rxd3+ 44. Kxd3 Nf5 45. Re5 b4 46. g4 Kf6 47.
Re1 Nd4 48. axb4 Kg5 49. Re8 Nxb3 50. Re6 Nd4 51. h4+ Kxh4 52. Rxg6 Nf3 53. Ke4
Kg3 54. Rg8 Nd4 55. g5 Kg4 56. g6 Nf5 57. Rf8 Ng3+ 58. Kd5 Nh5 59. Rf7 Kg5 60.
g7 Nxg7 61. Rxg7+ Kf6 62. Rb7 Be3 63. b5 Bf2 64. Rc7 Bg1 65. Rc1 1-0

[Event "Riga Tech Open A 2016"]
[Site "Riga LAT"]
[Date "2016.08.09"]
[Round "2.14"]
[White "Bernotas, Arturs"]
[Black "Ly, Moulthun"]
[Result "1/2-1/2"]
[WhiteTitle "FM"]
[BlackTitle "IM"]
[WhiteElo "2306"]
[BlackElo "2501"]
[WhiteFideId "11601426"]
[BlackFideId "3204405"]
[EventDate "2016.08.08"]

1. e4 c5 2. Nf3 e6 3. g3 Nc6 4. Bg2 Nf6 5. Qe2 e5 6. O-O Be7 7. c3 O-O 8. Na3
Re8 9. d3 h6 10. Nc4 Bf8 11. Ne3 d5 12. Nxd5 Nxd5 13. exd5 Qxd5 14. Be3 Qd7 15.
Qc2 b6 16. a3 Bb7 17. Rfd1 Rad8 18. b4 cxb4 19. axb4 Qc7 20. Qa4 g6 21. Rac1 Ba8
22. d4 exd4 23. cxd4 Qd6 24. b5 Na5 25. Bf4 Qe6 26. Re1 Qb3 27. Rxe8 Rxe8 28.
Qxb3 Nxb3 29. Rc7 Bxf3 30. Bxf3 Nxd4 31. Bd5 Re7 32. Rxe7 Bxe7 33. Bc4 Bg5 34.
Bb8 Bd8 35. f4 Kf8 36. Kf2 Ke7 37. Ke3 Ne6 38. g4 Bc7 39. Bxe6 Bxb8 40. Bc8 g5
41. fxg5 hxg5 42. h3 Be5 43. Kd3 Kd6 44. Kc4 Ba1 45. Bf5 Ke5 46. Bc8 Ke4 47.
Bf5+ Kf3 48. Kd5 Kg3 49. Kc6 1/2-1/2

[Event "Riga Tech Open A 2016"]
[Site "Riga LAT"]
[Date "2016.08.09"]
[Round "2.15"]
[White "Dastan, Muhammed Batuhan"]
[Black "Sharma, Dinesh K."]
[Result "1-0"]
[WhiteTitle "IM"]
[BlackTitle "IM"]
[WhiteElo "2490"]
[BlackElo "2298"]
[WhiteFideId "6300014"]
[BlackFideId "5004110"]
[EventDate "2016.08.08"]

1. e4 e6 2. d4 d5 3. Nc3 Nf6 4. Bg5 Bb4 5. e5 h6 6. Bc1 Ne4 7. Qg4 g6 8. Ne2 c5
9. a3 Bxc3+ 10. Nxc3 Qa5 11. b4 cxb4 12. Nxe4 dxe4 13. Qxe4 Nc6 14. Bc4 bxa3+
15. Bd2 Qa4 16. Qd3 Nb4 17. Bxb4 Qxb4+ 18. Ke2 O-O 19. Rhb1 Qe7 20. Qxa3 Qh4 21.
Qe3 Rd8 22. c3 Bd7 23. Rxb7 Bc6 24. Rc7 Bxg2 25. Rg1 Qxh2 26. Bxe6 Qh5+ 27. Kd2
fxe6 28. Rxg2 Rab8 29. Qe4 Rb2+ 30. Kc1 Rb1+ 31. Kxb1 Qd1+ 32. Ka2 Qd2+ 33. Kb3
Rb8+ 34. Kc4 Qa2+ 35. Kc5 Qa3+ 36. Kc6 Qa4+ 37. Kd6 Rd8+ 38. Ke7 Qe8+ 39. Kf6
Qf8+ 40. Kxg6 Kh8 41. Rh7+ 1-0

[Event "Riga Tech Open A 2016"]
[Site "Riga LAT"]
[Date "2016.08.09"]
[Round "2.16"]
[White "Baghdasaryan, Vahe"]
[Black "Vovk, Ilja"]
[Result "1/2-1/2"]
[WhiteTitle "IM"]
[BlackTitle "FM"]
[WhiteElo "2488"]
[BlackElo "2296"]
[WhiteFideId "13303139"]
[BlackFideId "4501764"]
[EventDate "2016.08.08"]

1. e4 c6 2. c4 d5 3. exd5 cxd5 4. cxd5 Nf6 5. Nc3 g6 6. d4 Bg7 7. Bb5+ Nbd7 8.
d6 exd6 9. Qe2+ Qe7 10. Nf3 a6 11. Bd3 Nb6 12. Bf4 Qxe2+ 13. Kxe2 Ke7 14. Ne4
Nxe4 15. Bxe4 d5 16. Bc2 Be6 17. a4 Rac8 18. Bd3 Nc4 19. a5 Bg4 20. b3 Nd6 21.
Ra4 Nb5 22. Re1 Kd7 23. Rb4 Rhe8+ 24. Be3 Nxd4+ 25. Kf1 Nxf3 26. Rxb7+ Rc7 27.
Rxc7+ Kxc7 28. Bb6+ Kd7 29. Rxe8 Kxe8 30. gxf3 Bc8 31. b4 Bb7 32. b5 axb5 33.
Bxb5+ Ke7 34. a6 Ba8 35. Bc5+ Ke6 36. Ke2 Be5 37. h3 Bd6 38. Bb6 f5 39. Ke3 Be5
40. Bc5 Bc7 41. Be8 Be5 42. Ba7 Ke7 43. Ba4 Ke6 44. Bb5 Bf6 45. Bb8 Bg7 46. Bc7
Bf6 47. Ba4 Bg7 48. Bb6 Bf6 49. Bd4 Bd8 50. Bb5 Bc7 51. Kd3 Ba5 52. Ba7 Bb4 53.
Kd4 Be1 54. Ke3 Bb4 55. Bb6 Bc3 56. Bd4 Bb4 57. Kf4 Be7 58. a7 Bd8 59. Ba6 Kd6
60. Bc8 Bh4 61. Be5+ Kc5 62. Ke3 Bd8 63. Be6 Kc4 64. Ke2 Bb6 65. Bg8 Bxa7 66.
Bxh7 d4 67. Bxg6 d3+ 68. Kd2 Bxf3 69. Bxf5 Bxf2 70. Be6+ Bd5 71. Bxd5+ Kxd5 72.
Kxd3 Kxe5 1/2-1/2

[Event "Riga Tech Open A 2016"]
[Site "Riga LAT"]
[Date "2016.08.09"]
[Round "3.1"]
[White "Melkumyan, Hrant"]
[Black "Kriebel, Tadeas"]
[Result "1-0"]
[WhiteTitle "GM"]
[BlackTitle "IM"]
[WhiteElo "2650"]
[BlackElo "2462"]
[WhiteFideId "13302485"]
[BlackFideId "330027"]
[EventDate "2016.08.08"]

1. c4 e6 2. Nc3 d5 3. d4 c6 4. e3 Bd6 5. Nf3 f5 6. Ne5 Nf6 7. Be2 O-O 8. O-O Qe7
9. f4 b6 10. Bd2 Bb7 11. Be1 Ne4 12. Nxe4 dxe4 13. a4 c5 14. a5 bxa5 15. Bxa5
Nc6 16. Nxc6 Bxc6 17. d5 exd5 18. cxd5 Be8 19. Bc3 Bf7 20. Bc4 Rfd8 21. Rf2 h5
22. b3 Kh7 23. Ra6 g5 24. Qa1 Rg8 25. Bf6 Qc7 26. Be5 Rg6 27. Bxd6 Rxd6 28. Qe5 1-0

[Event "Riga Tech Open A 2016"]
[Site "Riga LAT"]
[Date "2016.08.09"]
[Round "3.2"]
[White "Ladva, Ottomar"]
[Black "Naroditsky, Daniel"]
[Result "1/2-1/2"]
[WhiteTitle "IM"]
[BlackTitle "GM"]
[WhiteElo "2453"]
[BlackElo "2646"]
[WhiteFideId "4500024"]
[BlackFideId "2026961"]
[EventDate "2016.08.08"]

1. d4 Nf6 2. c4 g6 3. Nc3 d5 4. cxd5 Nxd5 5. e4 Nxc3 6. bxc3 Bg7 7. Be3 c5 8.
Qd2 Qa5 9. Rc1 O-O 10. d5 e6 11. c4 Qxd2+ 12. Kxd2 b6 13. Bd3 Nd7 14. Nf3 Bb7
15. Kc2 Rae8 16. Rhe1 b5 17. Rb1 b4 1/2-1/2

[Event "Riga Tech Open A 2016"]
[Site "Riga LAT"]
[Date "2016.08.09"]
[Round "3.3"]
[White "Hovhannisyan, Robert"]
[Black "Lugovskoy, Maxim"]
[Result "1/2-1/2"]
[WhiteTitle "GM"]
[BlackTitle "IM"]
[WhiteElo "2634"]
[BlackElo "2446"]
[WhiteFideId "13302507"]
[BlackFideId "24126454"]
[EventDate "2016.08.08"]

1. e4 e6 2. d4 d5 3. Nc3 Bb4 4. exd5 exd5 5. Bd3 Nc6 6. Nf3 Nge7 7. O-O O-O 8.
Ne2 Bf5 9. c3 Bd6 10. Bf4 Bxd3 11. Qxd3 Ng6 12. Bxd6 Qxd6 13. Rae1 Rae8 14. h4
Nf4 15. Nxf4 Qxf4 16. g3 Qd6 17. Ng5 g6 18. Qb5 b6 19. Nh3 Ne7 20. Re5 f6 21.
Re3 c6 22. Qe2 Qd7 23. Re1 Kf7 24. g4 Nc8 25. Qf3 Rxe3 26. Rxe3 Re8 27. Rxe8
Qxe8 28. g5 f5 29. Qg3 Qe2 30. Nf4 Qxb2 31. Nd3 Qb1+ 32. Kh2 Ne7 33. Qe3 Ke8 34.
Qg3 Kf7 35. a3 Qc2 36. Ne5+ Ke8 37. Nd3 Kf7 38. Ne5+ 1/2-1/2

[Event "Riga Tech Open A 2016"]
[Site "Riga LAT"]
[Date "2016.08.09"]
[Round "3.4"]
[White "Krupenski, Juri"]
[Black "Kravtsiv, Martyn"]
[Result "0-1"]
[WhiteTitle "FM"]
[BlackTitle "GM"]
[WhiteElo "2409"]
[BlackElo "2631"]
[WhiteFideId "4501101"]
[BlackFideId "14113147"]
[EventDate "2016.08.08"]

1. d4 Nf6 2. c4 e6 3. Nf3 d5 4. e3 b6 5. b3 Bb7 6. Bd3 Bd6 7. O-O O-O 8. Bb2 c5
9. cxd5 exd5 10. Nc3 Nbd7 11. Rc1 Qe7 12. Qe2 a6 13. Rfd1 g6 14. dxc5 bxc5 15.
Na4 Rfe8 16. Qd2 d4 17. exd4 Bxf3 18. gxf3 Nd5 19. Be4 Qh4 20. dxc5 Qxh2+ 21.
Kf1 Nf4 0-1

[Event "Riga Tech Open A 2016"]
[Site "Riga LAT"]
[Date "2016.08.09"]
[Round "3.5"]
[White "Goganov, Aleksey"]
[Black "Berzinsh, Roland"]
[Result "1-0"]
[WhiteTitle "GM"]
[BlackTitle "IM"]
[WhiteElo "2627"]
[BlackElo "2433"]
[WhiteFideId "24109959"]
[BlackFideId "11600357"]
[EventDate "2016.08.08"]

1. d4 d5 2. c4 dxc4 3. e3 c5 4. Bxc4 cxd4 5. Nf3 Qc7 6. Bb3 dxe3 7. Bxe3 Nf6 8.
Nc3 Nc6 9. O-O e6 10. Nb5 Qa5 11. Nfd4 Nxd4 12. Qxd4 Bd7 13. Nd6+ Bxd6 14. Qxd6
Ne4 15. Qf4 Bc6 16. Rac1 g5 17. Qf3 Qe5 18. Qh5 Rg8 19. Rfe1 Nf6 20. Qd1 Qf5 21.
Ba4 Bxa4 22. Qxa4+ Kf8 23. Rc5 Nd5 24. Bd4 b6 25. Rc4 f6 26. Rc6 Re8 27. Qxa7
Re7 28. Qa3 Kf7 29. Bxb6 Rb7 30. Rcxe6 Rgb8 31. Bd4 Rb4 32. R6e4 Nf4 33. Qf3 Rd8
34. Re7+ Kg6 35. Bc3 Ra4 36. a3 h5 37. Qb7 Kh6 38. Qc6 1-0

[Event "Riga Tech Open A 2016"]
[Site "Riga LAT"]
[Date "2016.08.09"]
[Round "3.6"]
[White "Neiksans, Arturs"]
[Black "Szotkowski, Jakub"]
[Result "1-0"]
[WhiteTitle "GM"]
[WhiteElo "2620"]
[BlackElo "2406"]
[WhiteFideId "11601388"]
[BlackFideId "330590"]
[EventDate "2016.08.08"]

1. c4 Nf6 2. Nf3 c6 3. Nc3 d5 4. e3 g6 5. d4 Bg7 6. Be2 O-O 7. O-O a6 8. a4 a5
9. b3 Bf5 10. Ba3 Re8 11. Rc1 Na6 12. h3 Nc7 13. cxd5 Ncxd5 14. Nxd5 Nxd5 15.
Re1 Qc7 16. Bc4 Nb6 17. Bf1 Bh6 18. e4 Bxc1 19. Qxc1 Be6 20. d5 Nxd5 21. exd5
Bxd5 22. Ne5 f6 23. Ng4 Rad8 24. Qh6 c5 25. Bb5 Rf8 26. Qe3 b6 27. Qxe7 Qxe7 28.
Rxe7 Bxb3 29. Bb2 Rd6 30. Re3 Ba2 31. Ra3 Bb1 32. Bc4+ Kg7 33. Re3 g5 34. Re7+
Kg6 35. Ne3 Bd3 36. Be6 f5 37. g4 fxg4 38. hxg4 Be4 39. Bf5+ Bxf5 40. gxf5+ Kh5
41. Rxh7+ Rh6 42. Rd7 Rc8 43. Kg2 c4 44. Kg3 c3 45. Rd1 g4 46. Kf4 1-0

[Event "Riga Tech Open A 2016"]
[Site "Riga LAT"]
[Date "2016.08.09"]
[Round "3.7"]
[White "Chigaev, Maksim"]
[Black "Lapshun, Yury"]
[Result "1-0"]
[WhiteTitle "IM"]
[BlackTitle "IM"]
[WhiteElo "2550"]
[BlackElo "2396"]
[WhiteFideId "4108116"]
[BlackFideId "2006960"]
[EventDate "2016.08.08"]

1. e4 d5 2. exd5 Qxd5 3. Nc3 Qa5 4. d4 Nf6 5. Nf3 Nc6 6. Bb5 Nd5 7. Rb1 a6 8.
Bxc6+ bxc6 9. O-O Bg4 10. h3 Bh5 11. Bd2 Nxc3 12. bxc3 e6 13. c4 Qxa2 14. Rb3
Be7 15. Bc3 Bg6 16. Bb2 Qa4 17. Qe2 c5 18. Ra1 Qd7 19. dxc5 Bf6 20. Rd1 Qc8 21.
c6 O-O 22. Rd7 Bxb2 23. Rxb2 Rb8 24. Rxb8 Qxb8 25. Qe5 f6 26. Qxe6+ Bf7 27. Qe7
Qe8 28. Rxc7 Qxe7 29. Rxe7 Rc8 30. Nd4 Kf8 31. Ra7 Bxc4 32. f4 g6 33. g4 h6 34.
Kf2 Bb5 35. Nxb5 axb5 36. c7 Ke7 37. Ke3 Kd7 38. Kd4 Kc6 39. Ra6+ Kb7 40. Rxf6
Rxc7 41. c3 Rc4+ 42. Kd3 h5 43. g5 h4 44. Rxg6 Rxf4 45. Rf6 Ra4 46. g6 Ra1 47.
Ke4 Rg1 48. Kf5 Rg3 49. Ke6 1-0

[Event "Riga Tech Open A 2016"]
[Site "Riga LAT"]
[Date "2016.08.09"]
[Round "3.8"]
[White "Yuffa, Daniil"]
[Black "Kostin, Konstantin"]
[Result "1-0"]
[WhiteTitle "IM"]
[BlackTitle "FM"]
[WhiteElo "2507"]
[BlackElo "2340"]
[WhiteFideId "24131423"]
[BlackFideId "4155882"]
[EventDate "2016.08.08"]

1. d4 Nf6 2. c4 c5 3. d5 e5 4. Nc3 d6 5. e4 Nbd7 6. g3 h5 7. Nf3 g6 8. Bg2 a6 9.
a4 a5 10. O-O Nb6 11. Qb3 Bh6 12. Ng5 h4 13. Nb5 Kf8 14. f4 Bxg5 15. fxg5 Ne8
16. Be3 hxg3 17. hxg3 Bg4 18. Rf2 Rh7 19. Raf1 Kg8 20. Rd2 Nc8 21. Rff2 Nc7 22.
Nc3 b6 23. Bf1 Bd7 24. Rh2 Rxh2 25. Rxh2 Qf8 26. Qd1 Qg7 27. Qf3 Ne8 28. Nd1 Ne7
29. Nf2 f5 30. gxf6 Nxf6 31. Bh6 Qf7 32. Bh3 Bc8 33. Bxc8 Nxc8 34. Nh3 Nh7 35.
Qg4 Nf6 36. Qh4 b5 37. Rf2 1-0

[Event "Riga Tech Open A 2016"]
[Site "Riga LAT"]
[Date "2016.08.09"]
[Round "3.9"]
[White "Meribanov, Vitaly"]
[Black "Miezis, Normunds"]
[Result "1-0"]
[WhiteTitle "IM"]
[BlackTitle "GM"]
[WhiteElo "2400"]
[BlackElo "2506"]
[WhiteFideId "13504363"]
[BlackFideId "11600136"]
[EventDate "2016.08.08"]

1. Nf3 c5 2. e4 e6 3. Nc3 a6 4. Be2 Nc6 5. O-O g5 6. d3 g4 7. Nd2 h5 8. Nb3 Bd6
9. d4 cxd4 10. Nxd4 Be5 11. Be3 Qf6 12. Nxc6 bxc6 13. Na4 Rb8 14. Nb6 d5 15.
exd5 cxd5 16. c3 Ne7 17. Bxa6 Rxb6 18. Bxb6 Bxa6 19. Qa4+ Kf8 20. Qxa6 Nf5 21.
Qe2 Nh4 22. Bc5+ Kg8 23. Bd4 Nf3+ 24. gxf3 Bxh2+ 25. Kxh2 Qh4+ 26. Kg1 gxf3 27.
Qe5 1-0

[Event "Riga Tech Open A 2016"]
[Site "Riga LAT"]
[Date "2016.08.09"]
[Round "3.10"]
[White "Kaczmarek, Aleksander"]
[Black "Dastan, Muhammed Batuhan"]
[Result "0-1"]
[WhiteTitle "FM"]
[BlackTitle "IM"]
[WhiteElo "2333"]
[BlackElo "2490"]
[WhiteFideId "1178385"]
[BlackFideId "6300014"]
[EventDate "2016.08.08"]

1. e4 c5 2. b3 g6 3. Bb2 Nf6 4. Bc4 d6 5. f4 Bg7 6. Nf3 O-O 7. d3 b5 8. e5 dxe5
9. fxe5 Ng4 10. Bxb5 Qa5+ 11. Nc3 Ne3 12. Qe2 Bh6 13. Ba4 Na6 14. a3 Nc7 15. Kf2
Bb7 16. Nd1 Nf5 17. Rf1 Rad8 18. Kg1 Ne6 19. Kh1 Nfd4 20. Nxd4 cxd4 21. Bc1 Bxc1
22. Rxc1 Rd5 23. Qe1 Qc7 24. Nf2 Rxe5 25. Qd2 Rh5 26. h3 Nf4 27. Ne4 Nxh3 28.
gxh3 Bxe4+ 29. dxe4 Rxh3+ 30. Kg1 Qg3+ 31. Qg2 Qe3+ 32. Qf2 Qg5+ 33. Qg2 Rg3 34.
Qxg3 Qxg3+ 35. Kh1 Rc8 0-1

[Event "Riga Tech Open A 2016"]
[Site "Riga LAT"]
[Date "2016.08.09"]
[Round "3.11"]
[White "Popov, Mikhail"]
[Black "Kollars, Dmitrij"]
[Result "1-0"]
[WhiteTitle "FM"]
[BlackTitle "IM"]
[WhiteElo "2280"]
[BlackElo "2483"]
[WhiteFideId "4146182"]
[BlackFideId "12909572"]
[EventDate "2016.08.08"]

1. Nf3 d5 2. d4 Nf6 3. c4 c6 4. e3 e6 5. Nbd2 c5 6. b3 cxd4 7. exd4 Nc6 8. Bb2
Be7 9. Bd3 O-O 10. O-O b6 11. Rc1 Bb7 12. Re1 Rc8 13. Bb1 Qc7 14. Ne5 dxc4 15.
bxc4 Nxe5 16. dxe5 Qc6 17. Nf3 Nd7 18. Qd3 g6 19. h4 Rfd8 20. Qe3 Qa4 21. Nd2
Bb4 22. h5 Nf8 23. Bc3 Ba3 24. Rcd1 Be7 25. Rc1 b5 26. cxb5 Ba3 27. Rcd1 Bc5 28.
Qg5 Qxb5 29. h6 Nd7 30. Be4 Ba6 31. Nb3 f6 32. Qg3 f5 33. Bd3 Qc6 34. Bxa6 Qxa6
35. Nxc5 Nxc5 36. Rxd8+ Rxd8 37. Qg5 Qd3 38. Qe7 1-0

[Event "Riga Tech Open A 2016"]
[Site "Riga LAT"]
[Date "2016.08.09"]
[Round "3.12"]
[White "Kantans, Toms"]
[Black "Revo, Tatiana"]
[Result "1-0"]
[WhiteTitle "IM"]
[WhiteElo "2482"]
[BlackElo "2076"]
[WhiteFideId "11602945"]
[BlackFideId "13506480"]
[EventDate "2016.08.08"]

1. e4 c5 2. Nf3 d6 3. d4 cxd4 4. Nxd4 Nf6 5. Nc3 a6 6. Bg5 Nbd7 7. f4 b5 8. Qf3
Bb7 9. O-O-O e6 10. Bd3 Be7 11. Kb1 Nc5 12. a3 Qb6 13. Bh4 b4 14. axb4 Qxb4 15.
Be1 Qb6 16. Bf2 Rb8 17. Nb3 Qc6 18. Rhe1 Nxb3 19. cxb3 Qc7 20. Qh3 Bc6 21. Bc2
h5 22. Bh4 a5 23. Re3 Qb7 24. Bxf6 Bxf6 25. Rxd6 Be7 26. Rd1 a4 27. Ne2 Bc5 28.
Rc3 Bb4 29. Rc4 Be7 30. Nc1 Bb5 31. Rcd4 Bc5 32. bxa4 Bxd4 33. Rxd4 Bc6 34. Qa3
Qb6 35. Rc4 Ra8 36. Qd6 Ra6 37. Rb4 1-0

[Event "Riga Tech Open A 2016"]
[Site "Riga LAT"]
[Date "2016.08.09"]
[Round "3.13"]
[White "Tryggestad, Andreas Garberg"]
[Black "Fridman, Daniel"]
[Result "0-1"]
[BlackTitle "GM"]
[WhiteElo "2161"]
[BlackElo "2620"]
[WhiteFideId "1513338"]
[BlackFideId "11600454"]
[EventDate "2016.08.08"]

1. e4 g6 2. d4 Bg7 3. Nc3 d6 4. Be3 c6 5. h4 Nf6 6. f3 h5 7. Qd2 b5 8. Bd3 a6 9.
a4 b4 10. Nce2 a5 11. c3 Na6 12. Nh3 c5 13. Ng5 bxc3 14. bxc3 cxd4 15. cxd4 Nb4
16. Bb5+ Bd7 17. Nc3 O-O 18. O-O e6 19. Rfc1 Rb8 20. Kf2 Rb7 21. Rab1 Qb8 22.
Nh3 Rd8 23. Nf4 e5 24. Nfe2 Bxb5 25. Nxb5 d5 26. exd5 Nfxd5 27. dxe5 Nxe3 28.
Qxe3 Nd3+ 29. Kg1 Nxc1 30. Rxc1 Qxe5 31. Qxe5 Bxe5 32. Rc5 Re7 33. Nbc3 Rd2 34.
Kf1 Bxc3 35. Nxc3 Rc2 0-1

[Event "Riga Tech Open A 2016"]
[Site "Riga LAT"]
[Date "2016.08.09"]
[Round "3.14"]
[White "Kashtanov, Ruslan"]
[Black "Kovalev, Vladislav"]
[Result "1/2-1/2"]
[WhiteTitle "IM"]
[BlackTitle "GM"]
[WhiteElo "2356"]
[BlackElo "2608"]
[WhiteFideId "4124871"]
[BlackFideId "13504398"]
[EventDate "2016.08.08"]

1. Nf3 Nf6 2. c4 g6 3. Nc3 Bg7 4. e4 d6 5. d4 O-O 6. Be2 e5 7. d5 a5 8. Bg5 h6
9. Be3 Na6 10. Nd2 Bd7 11. g4 c6 12. h4 Ne8 13. h5 g5 14. Na4 c5 1/2-1/2

[Event "Riga Tech Open A 2016"]
[Site "Riga LAT"]
[Date "2016.08.09"]
[Round "3.15"]
[White "Mastrovasilis, Athanasios"]
[Black "Korchmar, Vasiliy"]
[Result "1/2-1/2"]
[WhiteTitle "GM"]
[BlackTitle "IM"]
[WhiteElo "2555"]
[BlackElo "2410"]
[WhiteFideId "4201990"]
[BlackFideId "24131750"]
[EventDate "2016.08.08"]

1. e4 e5 2. Nf3 Nc6 3. Bc4 Bc5 4. c3 Nf6 5. d3 d6 6. Nbd2 O-O 7. h3 a6 8. Bb3
Be6 9. O-O Ba7 10. Re1 Bxb3 11. Qxb3 Qd7 12. Nf1 Rab8 13. Be3 Bxe3 14. Nxe3 Rfe8
15. Rad1 Ne7 16. Nh2 Ng6 17. Nhg4 Nxg4 18. hxg4 Qe6 19. g3 Nf8 20. Qc2 Nd7 21.
Kg2 Nb6 22. a4 a5 23. Rh1 d5 24. Rh4 dxe4 25. dxe4 Nd7 26. Nf5 Nf8 27. Rd5 Rbd8
28. Rxa5 Rd7 29. Ne3 c6 30. Rh5 Ng6 31. Qe2 Red8 32. Qc4 Rd2 33. Qxe6 fxe6 34.
Nc4 Rc2 35. Rh1 Rf8 36. Rf1 Re2 37. Nxe5 Rxb2 38. Nxg6 hxg6 39. Rc5 Ra2 40. Rc4
Ra8 41. Rb4 R8xa4 42. Rxb7 Rxe4 43. Rd1 Ree2 44. Rd8+ Kh7 45. Rf8 Kh6 46. Rc7 e5
47. Rxc6 e4 48. Rc5 Kh7 49. Rcc8 g5 50. Rce8 Re1 51. Rh8+ Kg6 52. Rh1 Ree2 53.
Rf1 e3 54. Kf3 Rxf2+ 55. Rxf2 exf2 56. Kg2 Rc2 57. Re3 Kf6 58. Rf3+ Kg6 59. Rxf2 1/2-1/2